Objective electrical, electronics and telecommunication engineering /by (Record no. 20599)
[ view plain ]
| 000 -LEADER | |
|---|---|
| fixed length control field | 00577nam a22001937a 4500 |
| 008 - FIXED-LENGTH DATA ELEMENTS--GENERAL INFORMATION | |
| fixed length control field | 250203b |||||||| |||| 00| 0 eng d |
| 020 ## - INTERNATIONAL STANDARD BOOK NUMBER | |
| International Standard Book Number | 9788121925716 |
| 040 ## - CATALOGING SOURCE | |
| Original cataloging agency | KABU |
| Transcribing agency | KABU |
| 050 ## - LIBRARY OF CONGRESS CALL NUMBER | |
| Classification number | TK168 |
| Item number | .T44 |
| 100 ## - MAIN ENTRY--PERSONAL NAME | |
| Personal name | Theraja, B.L. |
| 245 ## - TITLE STATEMENT | |
| Title | Objective electrical, electronics and telecommunication engineering /by |
| Statement of responsibility, etc. | B.L. Theraja & V.K. Pandey |
| 260 ## - PUBLICATION, DISTRIBUTION, ETC. (IMPRINT) | |
| Place of publication, distribution, etc. | New Delhi: |
| Name of publisher, distributor, etc. | S. Chand, |
| Date of publication, distribution, etc. | 1982. |
| 300 ## - PHYSICAL DESCRIPTION | |
| Extent | xvi, 484p. |
| Other physical details | ill. |
| 650 ## - SUBJECT ADDED ENTRY--TOPICAL TERM | |
| Topical term or geographic name as entry element | Telecommunication |
| 650 ## - SUBJECT ADDED ENTRY--TOPICAL TERM | |
| Source of heading or term | Electrical engineering |
| 650 ## - SUBJECT ADDED ENTRY--TOPICAL TERM | |
| Source of heading or term | Electronics |
| 700 ## - ADDED ENTRY--PERSONAL NAME | |
| Personal name | Pandey, V.K. |
| 942 ## - ADDED ENTRY ELEMENTS (KOHA) | |
| Source of classification or shelving scheme | Library of Congress Classification |
| Koha item type | General Collection |
| Withdrawn status | Lost status | Source of classification or shelving scheme | Not for loan | Home library | Current library | Shelving location | Date acquired | Cost, normal purchase price | Inventory number | Total Checkouts | Full call number | Barcode | Date last seen | Copy number | Price effective from | Koha item type |
|---|---|---|---|---|---|---|---|---|---|---|---|---|---|---|---|---|
| Library of Congress Classification | Kabarak, Nakuru City Campus | Kabarak, Nakuru City Campus | General Stacks | 03/02/2025 | 4591.00 | 2025/2090 | TK168 .T44 1982 C.1 | 33468 | 03/02/2025 | C.1 | 03/02/2025 | General Collection | ||||
| Library of Congress Classification | Kabarak, Nakuru City Campus | Kabarak, Nakuru City Campus | General Stacks | 03/02/2025 | 4591.00 | 2025/2091 | TK168 .T44 1982 C.2 | 33467 | 03/02/2025 | C.2 | 03/02/2025 | General Collection |